Textos básicos para la educación sindical. (Registro nro. 26368)
[ vista simple ]
| 000 -CABECERA | |
|---|---|
| campo de control de longitud fija | 00880nam a2200229 a 4500 |
| 001 - NÚMERO DE CONTROL | |
| campo de control | 000026876 |
| 005 - FECHA Y HORA DE LA ÚLTIMA TRANSACCIÓN | |
| campo de control | 20200930030450.0 |
| 008 - DATOS DE LONGITUD FIJA--INFORMACIÓN GENERAL | |
| campo de control de longitud fija | 110328s1982 dr a 001 0 spa d |
| 040 ## - FUENTE DE LA CATALOGACIÓN | |
| Centro catalogador/agencia de origen | DO-SdBNP |
| Lengua de catalogación | spa |
| Centro/agencia transcriptor | BNPHU |
| 082 ## - NÚMERO DE LA CLASIFICACIÓN DECIMAL DEWEY | |
| Número de clasificación | 331.88 |
| Número de documento/Ítem | T355b, 1982 |
| 245 00 - MENCIÓN DE TÍTULO | |
| Título | Textos básicos para la educación sindical. |
| 250 ## - MENCIÓN DE EDICIÓN | |
| Mención de edición | 2ª ed. |
| 260 ## - PUBLICACIÓN, DISTRIBUCIÓN, ETC. | |
| Lugar de publicación, distribución, etc. | Santo Domingo : |
| Nombre del editor, distribuidor, etc. | Secretaría de Educación Obrera |
| -- | Unión General de Trabajadores Dominicanos, |
| Fecha de publicación, distribución, etc. | 1982. |
| 300 ## - DESCRIPCIÓN FÍSICA | |
| Extensión | 92 p. : |
| Otras características físicas | il. ; |
| Dimensiones | 26 cm. |
| 490 ## - MENCIÓN DE SERIE | |
| Mención de serie | Cuadernos U. G. T. D. |
| 590 ## - NOTA LOCAL (RLIN) | |
| Nota local | Inventariado, 32018/VM |
| 650 #4 - PUNTO DE ACCESO ADICIONAL DE MATERIA--TÉRMINO DE MATERIA | |
| Término de materia o nombre geográfico como elemento de entrada | Sindicalismo |
| Subdivisión geográfica | República Dominicana |
| Subdivisión general | Enseñanza |
| 9 (RLIN) | 53988 |
| 650 #4 - PUNTO DE ACCESO ADICIONAL DE MATERIA--TÉRMINO DE MATERIA | |
| Término de materia o nombre geográfico como elemento de entrada | Sindicatos |
| Subdivisión geográfica | República Dominicana |
| 9 (RLIN) | 7318 |
| 710 2# - PUNTO DE ACCESO ADICIONAL--NOMBRE DE ENTIDAD CORPORATIVA | |
| Nombre de entidad corporativa o nombre de jurisdicción como elemento de entrada | Unión General de Trabajadores Dominicanos (UGTD). |
| Unidad subordinada | Secretaría de Educación Obrera |
| 9 (RLIN) | 53989 |
| 830 #0 - PUNTO DE ACCESO ADICIONAL DE SERIE-TÍTULO UNIFORME | |
| Título uniforme | Cuadernos U. G. T. D. |
| 9 (RLIN) | 53990 |
| 910 ## - DATOS DE OPCIÓN DEL USUARIO (OCLC) | |
| Datos de opción del usuario | Validado. Control de calidad EMS |
| Estado de retiro | Estado de pérdida | No para préstamo | Código de colección | Localización permanente | Ubicación/localización actual | Ubicación en estantería | Fecha de adquisición | Número de inventario | Total de préstamos | Signatura topográfica completa | Código de barras | Fecha visto por última vez | Precio válido a partir de | Tipo de ítem Koha |
|---|---|---|---|---|---|---|---|---|---|---|---|---|---|---|
| Excluido de préstamo | Patrimonio Dominicano | Patrimonio Dominicano | Patrimonio Dominicano | Depósito | 28.03.2011 | LF1 | 331.88 T355b, 1982 | 26876-10 | 25.06.2020 | 25.06.2020 | Libro y Folleto Colección Patrimonio Dominicano |
